Normal view
MARC view
- Pradhon, Dhiraj K
Entry Personal Name
001 - CONTROL NUMBER
- control field: 73616
003 - CONTROL NUMBER IDENTIFIER
- control field: NUST
005 - DATE AND TIME OF LATEST TRANSACTION
- control field: 20210628205040.0
008 - FIXED-LENGTH DATA ELEMENTS
- fixed length control field: 210628|| aca||aabn | a|a d
040 ## - CATALOGING SOURCE
- Original cataloging agency: NUST
- Transcribing agency: NUST
100 ## - HEADING--PERSONAL NAME
- Personal name: Pradhon, Dhiraj K
670 ## - SOURCE DATA FOUND
- Source citation: Work cat.: (NUST): Pradhon, Dhiraj K, Fault tolerant computer system design, 1996
